| 000 | 00381nam a2200145 a 4500 | ||
|---|---|---|---|
| 005 | 20140513081048.0 | ||
| 008 | 020906s19uu xx 00 eng d | ||
| 050 | _aP 513.213 2001 | ||
| 245 | _aMultiplication. | ||
| 260 |
_aQuezon City, Philippines : _bMabuhay Boardgames, _c2001. |
||
| 300 | _aPoster | ||
| 440 | _aTeacher's Choice | ||
| 650 | _aMultiplication | ||
| 999 |
_c116242 _d116242 |
||